[Event "24th Panam-ch"]
[Site "Natal BRA"]
[Date "2014.10.25"]
[Round "10"]
[White "Souza, Marcos Valerio"]
[Black "Braga, Jose Pereira"]
[Result "0-1"]
[WhiteElo "2117"]
[BlackElo "1922"]
[EventDate "2014.10.18"]
[PlyCount "79"]

1.d4 d5 2.c4 e6 3.Nf3 c5 4.cxd5 exd5 5.g3 Nc6 6.Bg2 Nf6 7.O-O Be6 8.Nc3 
Be7 9.Bg5 Nxd4 10.Nxd4 cxd4 11.Qxd4 O-O 12.Rfd1 h6 13.Bxf6 Bxf6 14.Qb4 a5 
15.Qb5 Bxc3 16.bxc3 Qc7 17.Bxd5 Bxd5 18.Rxd5 Qxc3 19.Rad1 Qc6 20.Rb1 Qc2 
21.Rb2 Qc1+ 22.Kg2 Rfd8 23.Rc5 Qd1 24.Rc7 b6 25.Qf5 Rf8 26.Rbc2 Rad8 27.
Re7 Qd5+ 28.Qxd5 Rxd5 29.Rb7 b5 30.Ra7 b4 31.e4 Rb5 32.Rcc7 g5 33.Kf3 Kg7 
34.Kg4 Kg6 35.Rc6+ f6 36.Raa6 Re5 37.h4 Rxe4+ 38.Kf3 Rd4 39.Rxa5 gxh4 40.
Ke3 {resto ileg vel} 0-1

[Event "24th Panam-ch"]
[Site "Natal BRA"]
[Date "2014.10.25"]
[Round "10"]
[White "Cardoso, Almir Correia"]
[Black "Da Silva, Izael Brasilino Arau"]
[Result "1-0"]
[WhiteElo "2066"]
[BlackElo "1857"]
[EventDate "2014.10.18"]
[PlyCount "111"]

1.e4 c5 2.Nf3 d6 3.d4 cxd4 4.Nxd4 Nf6 5.Nc3 Nc6 6.f3 Qb6 7.Nb3 a6 8.Bg5 h6
9.Bh4 Be6 10.Qd2 Qc7 11.O-O-O Rc8 12.g4 g5 13.Bg3 Nd7 14.h4 Nde5 15.Be2 f6
16.hxg5 fxg5 17.f4 gxf4 18.Bxf4 Bxg4 19.Bxg4 Nxg4 20.Nd5 Qd8 21.Rdg1 Nce5 
22.Qe2 h5 23.Bxe5 dxe5 24.Rxg4 Bh6+ 25.Kb1 hxg4 26.Qxg4 Rc6 27.Qh5+ Kd7 
28.Qxe5 Qf8 29.Rd1 Rd6 30.Nc5+ Kc8 31.Nxe7+ Qxe7 32.Qxh8+ Kc7 33.Rxd6 Qxd6
34.Nd3 Qh2 35.Qh7+ Kb6 36.Qg6+ Ka7 37.a3 Qd2 38.Qg1+ Ka8 39.Qg8+ Ka7 40.
Qg1+ Ka8 41.Qe1 Qxe1+ 42.Nxe1 Kb8 43.Nd3 Kc7 44.c3 Kd6 45.Kc2 Be3 46.Kd1 
a5 47.a4 Kc6 48.Kc2 b5 49.Kb3 Bd2 50.e5 Bg5 51.axb5+ Kxb5 52.e6 Kc6 53.
Ne5+ Kd5 54.Nf3 Bd8 55.Nd4 Kc5 56.Nf5 1-0

[Event "24th Panam-ch"]
[Site "Natal BRA"]
[Date "2014.10.25"]
[Round "10"]
[White "Hernandez Amura, Gilberto"]
[Black "Gomes, Marco Tulio Caldeira"]
[Result "1-0"]
[WhiteElo "2061"]
[BlackElo "1880"]
[EventDate "2014.10.18"]
[PlyCount "97"]

1.e4 c6 2.d4 d5 3.e5 Bf5 4.Nc3 e6 5.g4 Bg6 6.Nge2 c5 7.h4 h6 8.Nf4 Bh7 9.
Be3 cxd4 10.Qxd4 Nc6 11.Bb5 Ne7 12.Ba4 a6 13.Qb6 Qxb6 14.Bxb6 Nc8 15.Bxc6+
bxc6 16.Ba5 Bc5 17.Nd3 Bd4 18.Ne2 Bb6 19.Bxb6 Nxb6 20.O-O-O O-O 21.f4 a5 
22.Nd4 Rfc8 23.Nc5 Nc4 24.b3 Nb6 25.a4 Ra7 26.f5 exf5 27.Nxf5 Re8 28.Rde1 
Nd7 29.e6 Bxf5 30.exd7 Bxd7 31.Nxd7 Rxe1+ 32.Rxe1 Rxd7 33.Re8+ Kh7 34.Ra8 
Kg6 35.Rxa5 h5 36.g5 Kf5 37.Rc5 Rd6 38.a5 Kg4 39.a6 Kxh4 40.a7 Rd8 41.Rxc6
Kxg5 42.b4 h4 43.b5 d4 44.Ra6 Ra8 45.b6 h3 46.Kd2 h2 47.Ra1 Kg4 48.Rh1 Kh3
49.b7 1-0

[Event "24th Panam-ch"]
[Site "Natal BRA"]
[Date "2014.10.25"]
[Round "10"]
[White "Schuh, Astor Jose"]
[Black "Rocha, Vitor Firmo de Souza"]
[Result "1/2-1/2"]
[WhiteElo "1956"]
[BlackElo "2041"]
[EventDate "2014.10.18"]
[PlyCount "102"]

1.e4 e6 2.f4 d5 3.e5 c5 4.Nf3 Nc6 5.Bb5 Bd7 6.Bxc6 Bxc6 7.d4 Nh6 8.c3 Nf5 
9.g4 Nh4 10.O-O Nxf3+ 11.Rxf3 h5 12.g5 g6 13.h4 Qb6 14.a4 cxd4 15.cxd4 Bb4
16.b3 Kd7 17.Ba3 Rhc8 18.Bxb4 Qxb4 19.Qd2 a5 20.Ra2 b5 21.Qxb4 axb4 22.a5 
Ra6 23.Rff2 Rca8 24.Rfc2 Rxa5 25.Rxa5 Rxa5 26.Kf2 Ra1 27.Rb2 Kc7 28.Ke2 
Kb6 29.Kd2 Bd7 30.Kd3 Bc8 31.Kd2 Ka5 32.Kc1 Ba6 33.Rc2 Kb6 34.Kb2 Ra5 35.
Nd2 Bb7 36.Nf3 Ra8 37.Ne1 Rc8 38.Rxc8 Bxc8 39.Kc2 Bd7 40.Nd3 Ka5 41.Kd2 
Bc8 42.Ke3 Bd7 43.Nc5 Bc8 44.Kf3 Kb6 45.Ke3 Ka5 46.Kf2 Kb6 47.Kg3 Ka5 48.
Nd3 Bd7 49.Ne1 Bc8 50.Ng2 Bd7 51.Ne3 Bc8 1/2-1/2

[Event "24th Panam-ch"]
[Site "Natal BRA"]
[Date "2014.10.25"]
[Round "10"]
[White "Zimmermann, Kleber Renato Pereira"]
[Black "Xavier, Lucca Lucas"]
[Result "1-0"]
[WhiteElo "1938"]
[BlackElo "2039"]
[EventDate "2014.10.18"]
[PlyCount "93"]

1.d4 Nf6 2.c4 e6 3.Nf3 d5 4.Nc3 h6 5.Bf4 Bd6 6.Bxd6 cxd6 7.cxd5 Nxd5 8.
Nxd5 exd5 9.e3 O-O 10.Bd3 Nc6 11.O-O Qb6 12.Qd2 Bd7 13.Rac1 Rac8 14.Bb1 
Na5 15.b3 Nc6 16.Rc3 Ne7 17.Rfc1 Rc6 18.h3 Rfc8 19.Rxc6 Rxc6 20.Rxc6 Qxc6 
21.Kh2 Bf5 22.Bxf5 Nxf5 23.g4 Ne7 24.Ne1 Qa6 25.Nd3 Qb5 26.Kg2 a5 27.Qc2 
Qc6 28.Qd2 b6 29.a4 g5 30.Qc1 Qd7 31.Qc2 Ng6 32.Nc1 Nh4+ 33.Kf1 f5 34.gxf5
Nxf5 35.Ne2 Nh4 36.Ng1 b5 37.f3 bxa4 38.bxa4 Qb7 39.Kf2 Qa6 40.Qb3 Qc6 41.
Ne2 Kg7 42.Qb5 Qc8 43.Qxa5 Qxh3 44.Qc7+ Kg6 45.Qxd6+ Kh5 46.Ng3+ Qxg3+ 47.
Qxg3 1-0

[Event "24th Panam-ch"]
[Site "Natal BRA"]
[Date "2014.10.25"]
[Round "10"]
[White "Pinero, Ismael"]
[Black "Rodrigues, Nei Jorge"]
[Result "1-0"]
[WhiteElo "1925"]
[BlackElo "2033"]
[EventDate "2014.10.18"]
[PlyCount "103"]

1.e4 g6 2.d4 Bg7 3.c4 d6 4.Nc3 Nc6 5.Be3 e5 6.d5 Nce7 7.Bd3 f5 8.f3 Nf6 9.
Qe2 O-O 10.O-O-O c6 11.c5 cxd5 12.exd5 Qa5 13.Bc4 Ne8 14.h4 f4 15.Bf2 Nf5 
16.Nh3 h6 17.Ne4 a6 18.g4 fxg3 19.Bxg3 Nxg3 20.Nxg3 Qxc5 21.Kb1 b5 22.Bd3 
Nf6 23.Bxg6 Bxh3 24.Rxh3 Nxd5 25.Nh5 Nf4 26.Nxf4 Rxf4 27.Be4 Rc8 28.Qd3 
Rf6 29.h5 a5 30.Rhh1 Qb6 31.Rc1 Rff8 32.Rcg1 Rc7 33.Rg6 Rd7 34.Rhg1 Rf6 
35.Qd5+ Kf8 36.Rxf6+ Bxf6 37.Qg8+ Ke7 38.Qh7+ Kd8 39.Rg8+ Kc7 40.Qxh6 d5 
41.Qc1+ Kd6 42.Qd2 Qc5 43.Rg6 Ke7 44.Bf5 Rd8 45.h6 e4 46.Qh2 Qd4 47.Qe2 e3
48.h7 Kf7 49.Rg1 Qd2 50.Qg2 e2 51.Qf2 Be7 52.Rg7+ 1-0

[Event "24th Panam-ch"]
[Site "Natal BRA"]
[Date "2014.10.25"]
[Round "10"]
[White "Ribeiro, Jose Joselito"]
[Black "Pinheiro, Davi Sales"]
[Result "0-1"]
[WhiteElo "1733"]
[BlackElo "2022"]
[EventDate "2014.10.18"]
[PlyCount "68"]

1.e4 c5 2.Nf3 d6 3.d4 cxd4 4.Qxd4 Nc6 5.Bb5 Bd7 6.Bxc6 Bxc6 7.c4 Nf6 8.Nc3
g6 9.O-O Bg7 10.Qd3 Nd7 11.b4 O-O 12.Bb2 a5 13.a3 axb4 14.axb4 Qb6 15.b5 
Nc5 16.Qc2 Bxe4 17.Nxe4 Bxb2 18.Qxb2 Nxe4 19.Rfe1 f5 20.Nd4 Rxa1 21.Rxa1 
e5 22.Nf3 Rc8 23.Ra4 Nc5 24.Ra1 Ne6 25.h3 e4 26.Qf6 Re8 27.Ra8 Rxa8 28.
Qxe6+ Kf8 29.Ng5 Qc7 30.Qf6+ Kg8 31.Qe6+ Kg7 32.Qd5 Qe7 33.Ne6+ Kh8 34.h4 
Ra1+ 0-1

[Event "24th Panam-ch"]
[Site "Natal BRA"]
[Date "2014.10.25"]
[Round "10"]
[White "Chaves, Jorge Antonio Torres"]
[Black "Leao, Flavio Sanchez"]
[Result "0-1"]
[WhiteElo "2006"]
[BlackElo "1847"]
[EventDate "2014.10.18"]
[PlyCount "120"]

1.d4 Nf6 2.c4 g6 3.Nc3 Bg7 4.Bg5 O-O 5.Qd2 d6 6.f3 c5 7.d5 Re8 8.e4 Na6 9.
Bd3 Nc7 10.Nge2 Bd7 11.a4 a6 12.O-O Rb8 13.Ng3 b5 14.axb5 axb5 15.cxb5 
Nxb5 16.Bh6 Qb6 17.Na4 Qb7 18.Bxg7 Kxg7 19.Ne2 Nc7 20.Nec3 Qb4 21.Rf2 Ra8 
22.Bc2 Nb5 23.Nxb5 Qxd2 24.Rxd2 Bxb5 25.Rdd1 Reb8 26.Nc3 Bd7 27.b3 Ne8 28.
Kf2 Nc7 29.Ke3 Nb5 30.Nxb5 Bxb5 31.Kd2 Bd7 32.Kc3 Kf6 33.Bd3 Kg7 34.g3 h6 
35.Be2 g5 36.h4 f6 37.f4 Kg6 38.Rg1 Rh8 39.Kb2 Rhb8 40.Bd3 Kf7 41.hxg5 
hxg5 42.fxg5 fxg5 43.Raf1+ Kg7 44.Ra1 Be8 45.e5 Bf7 46.e6 Bh5 47.g4 Be8 
48.Kc3 Rxa1 49.Rxa1 Rb4 50.Bc4 Bg6 51.Rf1 Rb8 52.Rf3 Rf8 53.Re3 Rf4 54.Be2
Rd4 55.Bf3 Bh7 56.Be2 Rxd5 57.Kc4 Rd4+ 58.Kb5 Re4 59.Rf3 Rxe6 60.Rf2 Rxe2 
0-1

[Event "24th Panam-ch"]
[Site "Natal BRA"]
[Date "2014.10.25"]
[Round "10"]
[White "Beckerman, Marcelo"]
[Black "Reis, Virginia Lagrange Moutinho dos"]
[Result "1-0"]
[WhiteElo "2019"]
[BlackElo "1852"]
[EventDate "2014.10.18"]
[PlyCount "121"]

1.f4 c5 2.Nf3 Nc6 3.e3 d5 4.d4 e6 5.c3 f5 6.Bd3 Nf6 7.O-O Bd6 8.Ne5 O-O 9.
Bd2 Ne4 10.Be1 Nxe5 11.dxe5 Be7 12.Nd2 Qb6 13.Rb1 c4 14.Bxe4 fxe4 15.Bf2 
Bc5 16.Qe2 Qc7 17.b4 Bb6 18.Bh4 Bd7 19.Be7 Rf7 20.Bd6 Qd8 21.Rf2 Ba4 22.
Nf1 Qh4 23.Ng3 Qh6 24.Kh1 Bb5 25.Qd2 Rd8 26.Ne2 a6 27.Rbf1 Bd7 28.Rg1 Qh4 
29.Nc1 Qg4 30.Ne2 Rf5 31.Rgf1 Rf7 32.h3 Qh4 33.Kh2 Bc8 34.g3 Qh6 35.a4 Qg6
36.a5 Ba7 37.g4 h5 38.Rg2 h4 39.f5 exf5 40.gxf5 Qh6 41.Qxd5 Bb8 42.Rfg1 
Bxd6 43.Rxg7+ Qxg7 44.Rxg7+ Kxg7 45.exd6 Rxf5 46.Qxe4 Rf2+ 47.Kg1 Rdf8 48.
Nf4 Rd2 49.Qg6+ Kh8 50.Qh6+ Kg8 51.e4 Rd1+ 52.Kf2 Bxh3 53.Qg6+ Kh8 54.Qh5+
Kg7 55.Qxd1 Rxf4+ 56.Ke3 Rf1 57.Qxf1 Bxf1 58.d7 h3 59.d8=Q Bg2 60.e5 h2 
61.Qg5+ 1-0

[Event "24th Panam-ch"]
[Site "Natal BRA"]
[Date "2014.10.25"]
[Round "10"]
[White "Farias, Edilsom"]
[Black "Araujo, Jose Roberto"]
[Result "1/2-1/2"]
[WhiteElo "1874"]
[BlackElo "2205"]
[EventDate "2014.10.18"]
[PlyCount "48"]

1.d4 Nf6 2.c4 g6 3.Nc3 Bg7 4.e4 d6 5.Nf3 O-O 6.Be2 e5 7.O-O Nc6 8.d5 Ne7 
9.Ne1 Ne8 10.Be3 f5 11.f3 f4 12.Bf2 g5 13.Rc1 Ng6 14.c5 Rf7 15.Nd3 Bf8 16.
cxd6 cxd6 17.Nb5 h5 18.a4 a6 19.Na3 g4 20.Nc4 g3 21.hxg3 fxg3 22.Bxg3 Bh6 
23.Rc2 b5 24.axb5 axb5 1/2-1/2

[Event "24th Panam-ch"]
[Site "Natal BRA"]
[Date "2014.10.25"]
[Round "10"]
[White "Cortes Arias, Mariela"]
[Black "Santos, Sidclay Souza"]
[Result "1-0"]
[WhiteElo "1858"]
[BlackElo "2007"]
[EventDate "2014.10.18"]
[PlyCount "59"]

1.e4 e6 2.d4 d5 3.Nc3 Bb4 4.exd5 exd5 5.Qf3 Nc6 6.Bb5 Ne7 7.Bf4 O-O 8.Ne2 
a6 9.Bxc6 bxc6 10.O-O-O a5 11.g4 Bd6 12.h4 Ng6 13.Bxd6 Qxd6 14.h5 Ne7 15.
a3 Rb8 16.Qg2 c5 17.h6 g6 18.dxc5 Qxc5 19.Qf3 f5 20.g5 Bb7 21.Nd4 Qd6 22.
Ncb5 Qd7 23.Qe3 c6 24.Qe5 Nc8 25.Qxb8 cxb5 26.Qe5 Re8 27.Qg7+ Qxg7 28.hxg7
Kxg7 29.Rhe1 Rd8 30.Ne6+ 1-0

[Event "24th Panam-ch"]
[Site "Natal BRA"]
[Date "2014.10.25"]
[Round "10"]
[White "Serafim Junior, Arnor"]
[Black "Barreto Junior, Williem Silva"]
[Result "1/2-1/2"]
[WhiteElo "1811"]
[BlackElo "2006"]
[EventDate "2014.10.18"]
[PlyCount "62"]

1.c4 Nf6 2.Nc3 g6 3.g3 Bg7 4.Bg2 O-O 5.Nf3 d6 6.O-O c6 7.d3 e5 8.Rb1 a5 9.
a3 Re8 10.Bg5 h6 11.Bd2 Be6 12.b4 axb4 13.axb4 Qc7 14.Qc1 Kh7 15.b5 Nbd7 
16.Ne1 Rec8 17.Nc2 d5 18.bxc6 bxc6 19.cxd5 Nxd5 20.Nb4 N7b6 21.Ne4 c5 22.
Nxd5 Nxd5 23.Rb5 Bf8 24.Qb2 Rab8 25.Rc1 Rxb5 26.Qxb5 Rb8 27.Qa5 Qxa5 28.
Bxa5 Rb5 29.Be1 f5 30.Nc3 Nxc3 31.Bxc3 Bg7 1/2-1/2

[Event "24th Panam-ch"]
[Site "Natal BRA"]
[Date "2014.10.25"]
[Round "10"]
[White "Bulgarini Torre, Marco"]
[Black "De Freitas, Julio Eimard"]
[Result "1-0"]
[WhiteElo "1978"]
[BlackElo "1872"]
[EventDate "2014.10.18"]
[PlyCount "117"]

1.e4 c5 2.Nc3 Nc6 3.g3 g6 4.Bg2 Bg7 5.d3 d6 6.Nh3 e6 7.Bg5 f6 8.Be3 Nge7 
9.Qd2 Nd4 10.O-O Rb8 11.Nd1 e5 12.f3 Be6 13.c3 Ndc6 14.Bh6 O-O 15.Bxg7 
Kxg7 16.f4 Qd7 17.Nhf2 d5 18.Ne3 Rbd8 19.Rad1 b6 20.b3 dxe4 21.Nxe4 f5 22.
Ng5 Bg8 23.Qf2 Qc7 24.Nc4 h6 25.Nh3 Nd5 26.Qd2 Rd7 27.Rde1 Re8 28.Nxe5 
Nxe5 29.fxe5 Be6 30.a3 Red8 31.c4 Ne7 32.Nf4 Bg8 33.h4 Rd4 34.Re3 b5 35.
Qc3 bxc4 36.bxc4 g5 37.hxg5 hxg5 38.Nh5+ Kg6 39.Nf6 Be6 40.Kf2 Qb8 41.Rh1 
Rh8 42.Rxh8 Qxh8 43.Re1 Qb8 44.Re2 g4 45.Qe1 Qh8 46.Qa5 f4 47.gxf4 Qh4+ 
48.Kg1 Rxd3 49.Be4+ Bf5 50.Bxd3 Bxd3 51.Rg2 g3 52.Qc3 Qxf4 53.Qxd3+ Nf5 
54.Re2 Kg5 55.Qd2 Nd4 56.Qxf4+ Kxf4 57.Nd5+ Kf5 58.Re3 Nc2 59.e6 1-0

[Event "24th Panam-ch"]
[Site "Natal BRA"]
[Date "2014.10.25"]
[Round "10"]
[White "Freitas, Remulo Aguiar"]
[Black "Macedo, Alexandre Soares de"]
[Result "0-1"]
[WhiteElo "1944"]
[BlackElo "1854"]
[EventDate "2014.10.18"]
[PlyCount "116"]

1.d4 c5 2.e3 Nf6 3.Bd3 e6 4.f4 d5 5.c3 Bd6 6.Nf3 b6 7.O-O Kf8 8.Ne5 Ba6 9.
Bxa6 Nxa6 10.Nd2 Rc8 11.Qa4 Nb8 12.Qxa7 Nfd7 13.Qa4 f6 14.Nxd7+ Nxd7 15.
Nf3 Kg8 16.Bd2 Qc7 17.Rae1 Qb7 18.Qc2 f5 19.Ng5 Re8 20.Qd1 Nf6 21.Re2 h6 
22.Nf3 Ne4 23.Be1 g5 24.Bg3 Re7 25.Nd2 Nxd2 26.Rxd2 h5 27.h4 g4 28.b4 Kg7 
29.bxc5 bxc5 30.Qe2 Rb8 31.Be1 Qb6 32.Rc2 c4 33.Bd2 Reb7 34.Bc1 Qa6 35.Kh2
Qa4 36.Qd2 Qa5 37.Kh1 g3 38.Qe2 Kh6 39.Rf3 Rg7 40.Kg1 Qd8 41.Kf1 Qxh4 42.
Ke1 Rgb7 43.Kd2 Qg4 44.Rf1 Kg6 45.Rh1 Rb1 46.Rh3 Be7 47.Qe1 h4 48.Qe2 Ra1 
49.Rh1 Rbb1 50.Re1 Qxe2+ 51.Kxe2 Ba3 52.Bd2 Rxe1+ 53.Bxe1 h3 54.gxh3 g2 
55.Bf2 g1=Q 56.Bxg1 Rxg1 57.Kf3 Kh5 58.h4 Rg8 0-1

[Event "24th Panam-ch"]
[Site "Natal BRA"]
[Date "2014.10.25"]
[Round "10"]
[White "Da Silva, Antonio Dutra"]
[Black "Rapouso, Ricardo Luis Borba"]
[Result "0-1"]
[WhiteElo "1747"]
[BlackElo "1934"]
[EventDate "2014.10.18"]
[PlyCount "68"]

1.Nf3 d5 2.d4 e6 3.c4 c6 4.Nc3 dxc4 5.a4 Bb4 6.e3 b5 7.Bd2 Bb7 8.g3 Nf6 9.
Bg2 a6 10.O-O Bxc3 11.Bxc3 O-O 12.Ne5 Nd5 13.axb5 cxb5 14.Ba5 Qe7 15.b3 c3
16.Bxd5 Bxd5 17.Bxc3 b4 18.Bd2 a5 19.Nc4 a4 20.Qe1 Nc6 21.Nb6 Bxb3 22.e4 
Ra6 23.Nxa4 Rxa4 24.Rb1 Nxd4 25.Qe3 Qd7 26.Rxb3 Nxb3 27.Qxb3 Rfa8 28.Bc1 
Qb5 29.Bb2 h5 30.e5 Qe2 31.Bd4 h4 32.Rc1 h3 33.Qd1 Qxd1+ 34.Rxd1 Rd8 0-1

[Event "24th Panam-ch"]
[Site "Natal BRA"]
[Date "2014.10.25"]
[Round "10"]
[White "Moyses Sobrinho, Elias"]
[Black "Costa, Paulo Sergio"]
[Result "1-0"]
[WhiteElo "1915"]
[BlackElo "1806"]
[EventDate "2014.10.18"]
[PlyCount "124"]

1.Nf3 d5 2.c4 dxc4 3.Qa4+ Nc6 4.Ne5 Bd7 5.Nxd7 Qxd7 6.Qxc4 e5 7.d3 Nf6 8.
g3 Bb4+ 9.Bd2 Qd5 10.Qxd5 Bxd2+ 11.Nxd2 Nxd5 12.Bg2 Nde7 13.O-O O-O 14.
Rac1 Rac8 15.a3 a5 16.Rc5 f6 17.b4 axb4 18.axb4 Nd8 19.Rfc1 Ne6 20.Ra5 c6 
21.Ra7 Rc7 22.Nb3 Nc8 23.Ra5 Nd6 24.e3 Rd8 25.Nc5 Nf8 26.Ra7 Rb8 27.Na6 
Nb5 28.Nxc7 Nxa7 29.Ra1 Nc8 30.b5 Ne7 31.b6 Nc8 32.Rb1 Kf7 33.Bh3 Nd6 34.
d4 exd4 35.exd4 f5 36.d5 cxd5 37.Nxd5 Ke6 38.Bg2 Kd7 39.Rc1 Rc8 40.Rd1 Ne6
41.Nc3 Ke7 42.Nd5+ Kd7 43.h4 Nc5 44.Re1 Re8 45.Rc1 Rc8 46.Bh3 Rc6 47.Ne3 
g6 48.Nd5 Nc8 49.Rd1 Ke6 50.Bg2 Rd6 51.Re1+ Kf7 52.Rc1 Rc6 53.Nf4 Rxb6 54.
Rxc5 Rb1+ 55.Kh2 Ne7 56.Rc2 b5 57.Nd5 Re1 58.Rb2 Re5 59.Nxe7 Rxe7 60.Bd5+ 
Kf6 61.Rxb5 h6 62.Rb7 Ke5 1-0

[Event "24th Panam-ch"]
[Site "Natal BRA"]
[Date "2014.10.25"]
[Round "10"]
[White "Feitosa, Jocelenilson Nunes"]
[Black "Ramos, Angelo Bil"]
[Result "0-1"]
[WhiteElo "1731"]
[BlackElo "2093"]
[EventDate "2014.10.18"]
[PlyCount "92"]

1.Nf3 Nf6 2.c4 g6 3.Nc3 d5 4.e3 Bg7 5.Be2 O-O 6.b3 dxc4 7.Bxc4 c5 8.Bb2 
Nc6 9.Ne2 Na5 10.d4 Nxc4 11.bxc4 Ne4 12.O-O Bg4 13.Nd2 Nxd2 14.Qxd2 cxd4 
15.Nxd4 e5 16.Nb3 Qxd2 17.Nxd2 Rfd8 18.Ne4 Bf5 19.Ng3 Be6 20.Rfc1 Rac8 21.
Rd1 Bxc4 22.Rxd8+ Rxd8 23.a4 f5 24.h3 Kf7 25.e4 f4 26.Nf1 Rd7 27.f3 Ke6 
28.Ba3 Bf6 29.Rc1 Bb3 30.a5 Bd8 31.Bb4 Rd1 32.Rc3 Ba4 33.g3 Bb5 34.Rc5 
Rxf1+ 35.Kg2 Ba6 36.Bc3 Bf6 37.gxf4 exf4 38.Bxf6 Kxf6 39.h4 Rb1 40.Rc3 Rb5
41.Ra3 Rb2+ 42.Kg1 Bb5 43.Kh1 a6 44.Kg1 Bc6 45.Ra1 Rb5 46.Kf1 Rh5 0-1

[Event "24th Panam-ch"]
[Site "Natal BRA"]
[Date "2014.10.25"]
[Round "10"]
[White "Reboucas, Deive Pacheco"]
[Black "Feijo, Francisco Celio"]
[Result "1-0"]
[WhiteElo "2008"]
[BlackElo "1825"]
[EventDate "2014.10.18"]
[PlyCount "69"]

1.d4 Nf6 2.Nf3 e6 3.Bg5 h6 4.Bh4 Be7 5.c4 d6 6.Nc3 O-O 7.e3 b6 8.Bd3 Bb7 
9.Qe2 Nbd7 10.O-O-O d5 11.Kb1 dxc4 12.Bxc4 Ne4 13.Bxe7 Nxc3+ 14.bxc3 Qxe7 
15.e4 e5 16.d5 a6 17.g4 b5 18.Bb3 Nc5 19.h4 Nxb3 20.axb3 g6 21.Kb2 Rfe8 
22.Rde1 Rad8 23.Qe3 Kg7 24.g5 h5 25.Qa7 Rb8 26.b4 Qd6 27.Qc5 Bc8 28.Ra1 
Rb6 29.Nd2 Qd7 30.f4 Rd6 31.fxe5 Rxe5 32.Qd4 Qe7 33.Nf3 f6 34.gxf6+ Kxf6 
35.Nxe5 1-0

[Event "24th Panam-ch"]
[Site "Natal BRA"]
[Date "2014.10.25"]
[Round "10"]
[White "Lopes Silva, Luiz Eduardo"]
[Black "Silva, Carolina Alves"]
[Result "0-1"]
[WhiteElo "2003"]
[BlackElo "1791"]
[EventDate "2014.10.18"]
[PlyCount "134"]

1.e4 c5 2.Nf3 e6 3.d4 cxd4 4.Nxd4 a6 5.Be3 Qc7 6.Qd2 Nf6 7.f3 Nc6 8.c4 Bb4
9.Nc3 O-O 10.Nc2 Be7 11.Be2 Rd8 12.O-O Ne5 13.b3 b6 14.h3 d6 15.f4 Ng6 16.
Bf3 Rb8 17.g3 Bb7 18.Kh2 Ba8 19.Nd4 d5 20.cxd5 exd5 21.e5 Ne4 22.Nxe4 dxe4
23.Bg2 Bc5 24.Qf2 Nf8 25.Rac1 Qd7 26.Rfd1 Rbc8 27.Rc2 Qb7 28.Rcd2 Bb4 29.
Rc2 Bc3 30.Rdc1 Bxd4 31.Bxd4 Rxc2 32.Rxc2 b5 33.Re2 Qe7 34.Bc5 Qd7 35.Bd6 
Ne6 36.Bxe4 Bxe4 37.Rxe4 f6 38.Re2 fxe5 39.fxe5 Ng5 40.g4 Qc6 41.Rc2 Qd5 
42.Qf4 Qd3 43.Rf2 h6 44.Qg3 Qxg3+ 45.Kxg3 Ne4+ 46.Kf3 Nxf2 47.Kxf2 Kf7 48.
Ke3 g5 49.Ke4 Ke6 50.a4 Rc8 51.axb5 axb5 52.Kd4 h5 53.Bb4 hxg4 54.hxg4 Rh8
55.Kc5 Rh4 56.Bc3 Rxg4 57.Kxb5 Re4 58.b4 g4 59.Ka6 g3 60.b5 Ra4+ 61.Ba5 g2
62.b6 g1=Q 63.b7 Qa1 64.Ka7 Rxa5+ 65.Kb8 Qxe5+ 66.Kc8 Rc5+ 67.Kd8 Qd6+ 0-1

[Event "24th Panam-ch"]
[Site "Natal BRA"]
[Date "2014.10.25"]
[Round "10"]
[White "Camara, Jose Arruda"]
[Black "Da Silva Filho, Ibernon Luiz"]
[Result "1-0"]
[WhiteElo "1905"]
[BlackElo "1716"]
[EventDate "2014.10.18"]
[PlyCount "76"]

1.e4 c5 2.Nf3 g6 3.Bc4 Bg7 4.O-O e6 5.Nc3 a6 6.a4 Nc6 7.Re1 Nge7 8.Bf1 O-O
9.d3 d5 10.Bg5 h6 11.Bh4 d4 12.Ne2 Qb6 13.Rb1 g5 14.Bg3 e5 15.c3 Bg4 16.
Nd2 f5 17.f3 Bh5 18.exf5 Nxf5 19.Bf2 Bg6 20.Ng3 Nd6 21.Nge4 Nf5 22.Nc4 Qc7
23.Nxc5 Qe7 24.Ne4 b5 25.Ncd2 h5 26.axb5 axb5 27.Ng3 Nxg3 28.hxg3 Qf6 29.
Ne4 Qe6 30.Nxg5 Qd5 31.Ne4 Ra2 32.Qd2 Rfa8 33.Qg5 Bxe4 34.dxe4 Qb3 35.cxd4
exd4 36.Qxb5 Qxb5 37.Bxb5 Nb4 38.Bc4+ Kh7 1-0

[Event "24th Panam-ch"]
[Site "Natal BRA"]
[Date "2014.10.25"]
[Round "10"]
[White "Lunelli, Neuri Antonio"]
[Black "Felix, Dieggo Guerra"]
[Result "1/2-1/2"]
[WhiteElo "1887"]
[BlackElo "1656"]
[EventDate "2014.10.18"]
[PlyCount "63"]

1.d4 Nf6 2.e3 d5 3.Bd3 e6 4.Nd2 c5 5.c3 Be7 6.f4 c4 7.Bc2 b5 8.Ngf3 Bb7 9.
Ne5 O-O 10.Qf3 Nfd7 11.Qh5 f5 12.O-O Nf6 13.Qh3 Qe8 14.g4 fxg4 15.Nxg4 
Nbd7 16.Kh1 Nh5 17.Nf3 Bf6 18.Bd2 Kh8 19.Rg1 Rg8 20.Nge5 Bxe5 21.Nxe5 Nxe5
22.fxe5 g6 23.Rg5 Rg7 24.Rag1 Qf7 25.Bxg6 hxg6 26.Rxg6 Rh7 27.Qg4 Rf8 28.
a3 a6 29.Qxe6 Qf3+ 30.R1g2 Qf1+ 31.Rg1 Qf3+ 32.R1g2 1/2-1/2

[Event "24th Panam-ch"]
[Site "Natal BRA"]
[Date "2014.10.25"]
[Round "10"]
[White "Gomes, Jose Murilo"]
[Black "Schucman, Rebeca Lot"]
[Result "1-0"]
[WhiteElo "1864"]
[BlackElo "1619"]
[EventDate "2014.10.18"]
[PlyCount "119"]

1.e4 c5 2.Nf3 Nc6 3.d4 cxd4 4.Nxd4 g6 5.c4 Bg7 6.Be3 Nf6 7.Nc3 O-O 8.Be2 
Nxd4 9.Bxd4 d6 10.O-O Bd7 11.f3 Bc6 12.Qd2 Nd7 13.Bxg7 Kxg7 14.Rac1 a5 15.
Nd5 Nc5 16.b3 e6 17.Qd4+ e5 18.Qd2 Ne6 19.Ne3 Qb6 20.Kh1 Rfd8 21.Rfd1 a4 
22.b4 a3 23.b5 Bd7 24.Rc3 Nf4 25.Bf1 Ne6 26.Nc2 Rdc8 27.Qxd6 Qxd6 28.Rxd6 
Bxb5 29.Rxa3 Rxa3 30.Nxa3 Bc6 31.Nb1 b5 32.cxb5 Bxb5 33.Rd1 Ba4 34.Re1 Rc2
35.a3 Nd4 36.Bd3 Ra2 37.Nc3 Rxa3 38.Nxa4 Rxd3 39.Nb6 Nc2 40.Rc1 Ne3 41.g3 
Rd2 42.Nc4 Nxc4 43.Rxc4 Rd3 44.f4 Rd4 45.Rxd4 exd4 46.Kg1 Kf6 47.Kf1 Ke6 
48.Ke2 Kd6 49.Kd3 Kc5 50.g4 f6 51.g5 f5 52.exf5 gxf5 53.h4 Kd5 54.h5 Ke6 
55.Kxd4 h6 56.gxh6 Kf6 57.Kd5 Kf7 58.Ke5 Kg8 59.Kxf5 Kh7 60.Ke6 1-0

[Event "24th Panam-ch"]
[Site "Natal BRA"]
[Date "2014.10.25"]
[Round "10"]
[White "Vieira, Erico Vinicius Duarte"]
[Black "Lucena, Helianto dos Santos"]
[Result "1-0"]
[WhiteElo "1520"]
[BlackElo "1846"]
[EventDate "2014.10.18"]
[PlyCount "88"]

1.d4 g6 2.c4 d6 3.Nc3 Bg7 4.e4 Nf6 5.Bd3 O-O 6.h3 e5 7.d5 c6 8.Nge2 cxd5 
9.cxd5 Nbd7 10.Bc2 a5 11.Bg5 Qb6 12.Rb1 h6 13.Be3 Qd8 14.Qd2 Kh7 15.a3 Nb6
16.b3 Bd7 17.O-O Rc8 18.a4 Qc7 19.Rfc1 Ne8 20.Bd3 Qd8 21.Nb5 Rxc1+ 22.Rxc1
Nc8 23.g4 Qh4 24.Kg2 Nf6 25.f3 Ne8 26.Bf2 Qd8 27.Ng3 Bf6 28.Be3 Bg5 29.
Bxg5 hxg5 30.Qc3 Qb6 31.Qd2 f6 32.Nf1 Kg7 33.Ne3 Qd8 34.Qc3 Ne7 35.Nc7 
Nxc7 36.Qxc7 Qc8 37.Rc2 Kf7 38.Qxa5 Qd8 39.Rc7 Bc8 40.Bb5 Kg8 41.Qb6 Rf7 
42.Nc4 Nxd5 43.Rxc8 Qxc8 44.exd5 Qc5 1-0

[Event "24th Panam-ch"]
[Site "Natal BRA"]
[Date "2014.10.25"]
[Round "10"]
[White "Baltar, Petrov Ferreira"]
[Black "Macedo, Luiz Soares de"]
[Result "1-0"]
[WhiteElo "1844"]
[BlackElo "1649"]
[EventDate "2014.10.18"]
[PlyCount "97"]

1.d4 d5 2.Nf3 Nf6 3.c4 e6 4.Nc3 c6 5.Bg5 Be7 6.e3 O-O 7.Bd3 dxc4 8.Bxc4 b5
9.Bd3 Nbd7 10.O-O a6 11.e4 Bb7 12.e5 Nd5 13.Ne4 h6 14.Bxe7 Nxe7 15.Nd6 Rb8
16.Nxb7 Rxb7 17.b4 Nd5 18.a3 Qe7 19.Qb3 Rc8 20.Rfc1 Rbc7 21.Rc2 Nf4 22.Bf1
Qd8 23.Rac1 Nb6 24.g3 Nfd5 25.Bd3 Na4 26.h4 Qe7 27.Kg2 Qe8 28.Nd2 Qd7 29.
Ne4 Ndb6 30.Nd6 Rf8 31.Rd2 Nc8 32.Nxc8 Qxc8 33.Bb1 Rd8 34.Qd3 Kf8 35.Qh7 
Qd7 36.Be4 Rcc8 37.Qh8+ Ke7 38.Qxg7 Rg8 39.Qf6+ Ke8 40.Qf3 Qe7 41.Rxc6 Rd8
42.Kh3 Qa7 43.Qf6 Nb6 44.Rd6 Rc8 45.d5 Nc4 46.Rxe6+ fxe6 47.Qxe6+ Qe7 48.
Qxg8+ Kd7 49.Bf5+ 1-0

[Event "24th Panam-ch"]
[Site "Natal BRA"]
[Date "2014.10.25"]
[Round "10"]
[White "Pereira Fo, Hildebrando Apolon"]
[Black "Carneiro, Jose Gildivan"]
[Result "1-0"]
[WhiteElo "1803"]
[BlackElo "1636"]
[EventDate "2014.10.18"]
[PlyCount "130"]

1.c4 g6 2.Nc3 Bg7 3.Nf3 Nf6 4.e3 d6 5.Be2 O-O 6.O-O Nc6 7.a3 Bd7 8.d3 e5 
9.Qc2 Re8 10.h3 a6 11.Bd2 h6 12.Nh2 Bf5 13.Bf3 Qd7 14.Nd5 Be6 15.Bc3 Rab8 
16.Bg4 Nxg4 17.Nxg4 Bxg4 18.hxg4 Ne7 19.f3 Nxd5 20.cxd5 Qb5 21.e4 Qc5+ 22.
Qf2 Qxf2+ 23.Kxf2 g5 24.Rac1 Bf6 25.Rh1 Kg7 26.g3 Bd8 27.Ba5 c5 28.Bd2 b5 
29.b3 Bb6 30.Ke2 a5 31.Rh5 f6 32.f4 Kg6 33.Kf3 Ra8 34.Rh2 Rec8 35.Be3 Ra6 
36.Rhc2 Rh8 37.Rh1 Bd8 38.Bd2 Ra7 39.Bc1 Bb6 40.Bb2 a4 41.b4 Rc7 42.Rhh2 
Rhc8 43.bxc5 Bxc5 44.Rhd2 gxf4 45.gxf4 exf4 46.d4 Bb6 47.Rxc7 Rxc7 48.Kxf4
Rc4 49.Ke3 Ba5 50.Rg2 Bc3 51.Kd3 Bxb2 52.Rxb2 Rc1 53.Rxb5 Rg1 54.Rb6 Rg3+ 
55.Kc2 Re3 56.e5 dxe5 57.d6 Rb3 58.Rxb3 axb3+ 59.Kxb3 Kf7 60.dxe5 fxe5 61.
Kc4 Ke6 62.d7 Kxd7 63.Kd5 Kc7 64.Kxe5 Kb6 65.Kf5 Kb5 1-0